[Event "I Miedzynarodowy Memorial Ireny Warakomskiej - Open A"]
[Site "Suwalki"]
[Date "2017-08-13"]
[Round "3.33"]
[White "Tomaszewski, Kacper"]
[Black "Polok, Kacper"]
[Result "0-1"]
[WhiteTitle ""]
[BlackTitle ""]
[WhiteElo "2203"]
[BlackElo "2249"]

1. d4 Nf6 2. c4 g6 3. Nc3 Bg7 4. e4 d6 5. Be2 O-O 6. Nf3 e5 7. O-O Nc6 8. d5 Ne7
9. b4 a5 10. Ba3 axb4 11. Bxb4 b6 12. a4 Re8 13. a5 c5 14. dxc6 Nxc6 15. Bxd6
Nd4 16. Bxe5 Nxf3+ 17. Bxf3 Qxd1 18. Raxd1 Rxe5 19. axb6 Bb7 20. Nd5 Rc8 21. Rc1
Nxe4 22. Rfe1 f5 23. Nc7 Rc5 24. Red1 Be5 25. Ne6 Rxc4 26. Rxc4 Rxc4 27. Nd8 Ba6
28. Be2 Ra4 29. Bxa6 Rxa6 30. b7 Rb6 31. f3 Nc5 32. Rd5 Bb8 33. Nc6 Rxc6 34. Rd8+
Kg7 35. Rxb8 Rb6 36. Rc8 Nxb7 37. Rc7+ Kh6 38. h4 f4 39. Kh2 Nd6 40. Kh3 Ne8 41.
Rc4 Rf6 42. Re4 Nd6 43. Re7 Rf7 44. Re6 Nf5 45. Ra6 Kg7 46. Rb6 h5 47. Rb4 Rd7
48. Rxf4 Rd4 49. Rxd4 Nxd4 50. Kg3 Nf5+ 51. Kh3 Kf6 52. g4 Nd4 53. Kg3 Ke5 54.
f4+ Ke4 55. f5 Nxf5+ 56. gxf5 gxf5 0-1

[Event "I Miedzynarodowy Memorial Ireny Warakomskiej - Open A"]
[Site "Suwalki"]
[Date "2017-08-13"]
[Round "3.34"]
[White "Scripcaru, George-daniel "]
[Black "Juhasz, Barbara"]
[Result "1-0"]
[WhiteTitle ""]
[BlackTitle ""]
[WhiteElo "2247"]
[BlackElo "2200"]

1. d4 Nf6 2. c4 g6 3. Nc3 Bg7 4. e4 d6 5. f3 O-O 6. Be3 b6 7. Nge2 c5 8. d5 e6
9. Ng3 exd5 10. cxd5 Ba6 11. Bxa6 Nxa6 12. O-O Nc7 13. a4 Re8 14. Bf4 a6 15. Qd2
Qd7 16. Rab1 a5 17. Rfe1 h5 18. Nf1 Nh7 19. Bg3 Bf6 20. Bf2 b5 21. Ne3 b4 22.
Ne2 Qxa4 23. Nc4 Rad8 24. Bg3 Bg5 25. Qd1 Qxd1 26. Rbxd1 Nb5 27. Nxa5 Bf6 28.
Nc4 h4 29. Bf2 Ra8 30. Nc1 Nf8 31. f4 Nd7 32. Nd3 Bd4 33. Bxd4 cxd4 34. Kf2 Rac8
35. Rc1 Nc5 36. Nxc5 Rxc5 37. Nd2 Rec8 38. Rxc5 Rxc5 39. Nb3 Rc2+ 40. Re2 Rc4
41. Rd2 f5 42. exf5 gxf5 43. g3 hxg3+ 44. hxg3 Kg7 45. Ke2 Kg6 46. Kd3 Rc8 47.
Rh2 Re8 48. Nxd4 Nc7 49. Kc4 Re1 50. Re2 Rc1+ 51. Kb3 Rd1 52. Kc4 Rc1+ 53. Kxb4
Nxd5+ 54. Kb3 Nf6 55. Re6 d5 56. Re5 Rd1 57. Nxf5 Ng4 58. Rxd5 Rxd5 59. Ne7+ Kf6
60. Nxd5+ Ke6 61. Kc4 Nh6 62. Ne3 1-0

[Event "I Miedzynarodowy Memorial Ireny Warakomskiej - Open A"]
[Site "Suwalki"]
[Date "2017-08-13"]
[Round "3.35"]
[White "Sowul, Bartosz "]
[Black "Okrucinski, Tadeusz"]
[Result "1-0"]
[WhiteTitle ""]
[BlackTitle ""]
[WhiteElo "2183"]
[BlackElo "2244"]

1. d4 d5 2. c4 e6 3. Nc3 Nf6 4. cxd5 exd5 5. Bg5 Be7 6. e3 c6 7. Bd3 O-O 8. Qc2
Nbd7 9. h3 Re8 10. Nf3 Nf8 11. O-O Ne4 12. Bf4 Nxc3 13. bxc3 Bd6 14. Be5 Bxe5
15. Nxe5 c5 16. Rab1 Re7 17. Rb2 g6 18. Qd2 f6 19. Ng4 Bxg4 20. hxg4 c4 21. Be2
Ne6 22. f4 Qd6 23. Bf3 b6 24. Qc1 Rae8 25. Kf2 Nc7 26. Re2 b5 27. Rfe1 Na8 28.
Qb1 a6 29. Qb4 Qc6 30. Qc5 Qxc5 31. dxc5 Nc7 32. Rd1 Rc8 33. g3 Kg7 34. Bxd5 Nxd5
35. Rxd5 Rec7 36. Red2 Rxc5 37. Rd7+ Kg8 38. Ra7 R5c6 39. a3 R8c7 40. Rd8+ Kf7
41. Rd7+ Rxd7 42. Rxd7+ Ke6 43. Rxh7 Rd6 44. Ra7 Rd3 45. Rxa6+ Kd5 46. Rxf6 Rxc3
47. g5 Rxa3 48. f5 c3 49. fxg6 c2 50. g7 Ra8 51. Rf8 Rxf8+ 52. gxf8=Q c1=Q 53.
e4+ Ke6 54. Qe8+ Kd6 55. Qxb5 Qd2+ 56. Kf3 Qd1+ 57. Kf4 Qd2+ 58. Kf5 Qf2+ 59.
Kg6 1-0

[Event "I Miedzynarodowy Memorial Ireny Warakomskiej - Open A"]
[Site "Suwalki"]
[Date "2017-08-13"]
[Round "3.36"]
[White "Zochowski, Kacper"]
[Black "Sliwicki, Damian "]
[Result "1/2-1/2"]
[WhiteTitle ""]
[BlackTitle ""]
[WhiteElo "2239"]
[BlackElo "2136"]

1. c4 Nf6 2. g3 c5 3. Bg2 Nc6 4. Nc3 e6 5. e4 Be7 6. Nge2 O-O 7. O-O e5 8. d3 d6
9. a3 Be6 10. Rb1 Nd4 11. b4 Qc7 12. h3 a5 13. bxc5 dxc5 14. Nxd4 cxd4 15. Nb5
Qc8 16. Kh2 Nd7 17. a4 Kh8 18. f4 f6 19. Rb2 Qc6 20. Rbf2 b6 21. Bf3 Bg8 22. Bg4
Nc5 23. Ba3 g6 24. f5 Kg7 25. Bxc5 Bxc5 26. h4 Be7 27. fxg6 hxg6 28. h5 Bf7 29.
hxg6 Bxg6 30. Bf5 Rh8+ 31. Kg2 Bxf5 32. Rxf5 Rh6 33. Rh1 Rah8 34. Rxh6 Rxh6 35.
Rh5 Rxh5 36. Qxh5 Qd7 37. Kf3 Bb4 38. Qg4+ Qxg4+ 39. Kxg4 Kg6 40. Nc7 Be7 41.
Nb5 Bb4 42. Na7 Ba3 43. Nc6 Bd6 44. Nd8 Bb4 45. Kf3 Kg5 46. Ne6+ Kg6 47. Nc7 Kg5
48. Ne8 Kg6 49. Kg4 Ba3 50. Nc7 Be7 51. Nb5 Bb4 1/2-1/2

[Event "I Miedzynarodowy Memorial Ireny Warakomskiej - Open A"]
[Site "Suwalki"]
[Date "2017-08-13"]
[Round "3.37"]
[White "Stanisz, Patryk"]
[Black "Teglas, Balazs "]
[Result "1-0"]
[WhiteTitle ""]
[BlackTitle ""]
[WhiteElo "2100"]
[BlackElo "2238"]

1. d4 Nf6 2. c4 e6 3. Nc3 c5 4. Nf3 cxd4 5. Nxd4 Nc6 6. a3 Qb6 7. e3 d5 8. cxd5
exd5 9. Be2 Be7 10. O-O O-O 11. b4 Rd8 12. Ndb5 Ne5 13. Na4 Qc6 14. Nd4 Qd6 15.
Bb2 Nc4 16. Rc1 Bd7 17. Bxc4 dxc4 18. Nc5 Ng4 19. Nf3 Qxd1 20. Rfxd1 Bxc5 21.
bxc5 Be6 22. Bd4 Rdc8 23. Rc3 Nf6 24. Nd2 b5 25. cxb6 axb6 26. Bxf6 gxf6 27. Rb1
Rc6 28. Nf3 Bf5 29. Rb5 Bd3 30. Nd4 Rd6 31. f3 Ra5 32. Kf2 f5 33. h3 f4 34. Rxa5
bxa5 35. Nb5 Rd5 36. a4 fxe3+ 37. Kxe3 Re5+ 38. Kd4 Re2 39. Nd6 Rxg2 40. Nxc4
Bc2 41. Ne3 Rd2+ 42. Ke5 Bg6 43. f4 Kg7 44. f5 f6+ 45. Kf4 Rd4+ 46. Kg3 Bf7 47.
Rc6 h5 48. Rc7 Rxa4 49. Nd5 h4+ 50. Kf3 Rc4 51. Ra7 Rc5 52. Ne3 Kf8 53. Ra8+ Ke7
54. Ra7+ Kf8 55. Ra8+ Be8 56. Ke4 Re5+ 57. Kf4 Ke7 58. Nc4 Rb5 59. Rxe8+ Kxe8
60. Nd6+ Kd7 61. Nxb5 Kc6 62. Nc3 Kc5 63. Ne4+ Kc4 64. Nxf6 a4 65. Ne4 a3 66.
Nd2+ Kd3 67. Nb3 Kc3 68. Na1 Kb2 69. f6 Kxa1 70. f7 a2 71. f8=Q Kb2 72. Qf6+ Kb1
73. Qxh4 1-0

[Event "I Miedzynarodowy Memorial Ireny Warakomskiej - Open A"]
[Site "Suwalki"]
[Date "2017-08-13"]
[Round "3.38"]
[White "Zakrzewski, Marek"]
[Black "Puczylowski, Marcin"]
[Result "1/2-1/2"]
[WhiteTitle ""]
[BlackTitle ""]
[WhiteElo "2237"]
[BlackElo "2103"]

1. e4 e6 2. d4 d5 3. Nd2 Nf6 4. e5 Nfd7 5. Bd3 c5 6. c3 Nc6 7. Ne2 cxd4 8. cxd4
f6 9. exf6 Nxf6 10. Nf3 Bd6 11. O-O O-O 12. Bf4 Bxf4 13. Nxf4 Ne4 14. Qc1 Ng5
15. Nxg5 Qxg5 16. Ne2 Qxc1 17. Raxc1 Bd7 18. Bb5 Rac8 19. Bxc6 Rxc6 20. Rxc6 Bxc6
21. Re1 Bb5 22. Nc3 Bd7 23. f3 Rc8 24. Kf2 b5 25. Rc1 b4 26. Ne2 Rc4 27. b3 Rxc1
28. Nxc1 Bb5 29. Ne2 Bxe2 30. Kxe2 Kf7 31. Ke3 Kf6 32. h4 Kf5 33. g4+ Kf6 34.
Kf4 g6 35. Ke3 Ke7 36. Kd3 Kd6 37. Kc2 h6 38. f4 h5 39. g5 1/2-1/2

[Event "I Miedzynarodowy Memorial Ireny Warakomskiej - Open A"]
[Site "Suwalki"]
[Date "2017-08-13"]
[Round "3.39"]
[White "Zaika, Daniil"]
[Black "Jaroch, Karol"]
[Result "0-1"]
[WhiteTitle ""]
[BlackTitle ""]
[WhiteElo "2101"]
[BlackElo "2235"]

1. d4 e6 2. Nf3 Nf6 3. g3 b6 4. Bg2 Bb7 5. O-O c5 6. c4 cxd4 7. Nxd4 Bxg2 8. Kxg2
Be7 9. Nc3 O-O 10. e4 Qc7 11. Bf4 Qb7 12. f3 Rc8 13. Qe2 Nc6 14. Rfd1 Nh5 15.
Be3 a6 16. Rac1 Ne5 17. b3 g6 18. f4 Nc6 19. Nf3 f5 20. e5 g5 21. Kf1 gxf4 22.
gxf4 Kh8 23. Ne1 Ng7 24. Na4 Bd8 25. Qd2 Ra7 26. Qf2 Rb8 27. Rc2 Ne7 28. Rcd2
Ng6 29. Rxd7 Qxd7 30. Rxd7 Rxd7 31. Bxb6 Bh4 32. Qf3 Rd2 33. Nc3 Rxb6 34. Qa8+
Rd8 35. Qa7 Rbb8 36. Nf3 Ra8 37. Qe3 Be7 38. c5 Rdc8 39. b4 a5 40. a3 axb4 41.
axb4 Nh5 42. Ne2 Ra1+ 43. Kf2 Ra2 44. Qb3 Rca8 45. c6 Nhxf4 46. Nfd4 Bh4+ 47.
Ke3 Nd5+ 0-1

[Event "I Miedzynarodowy Memorial Ireny Warakomskiej - Open A"]
[Site "Suwalki"]
[Date "2017-08-13"]
[Round "3.40"]
[White "Zgadzaj, Rafal "]
[Black "Szustakowski, Antoni "]
[Result "0-1"]
[WhiteTitle ""]
[BlackTitle ""]
[WhiteElo "2147"]
[BlackElo "2235"]

1. c4 Nf6 2. g3 c5 3. Bg2 d5 4. cxd5 Nxd5 5. Nc3 Nc7 6. Nf3 Nc6 7. O-O e5 8. d3
Be7 9. Be3 O-O 10. Nd2 Bd7 11. a4 Ne6 12. Nc4 f6 13. f4 exf4 14. Bxf4 Nxf4 15.
gxf4 Rb8 16. f5 Nd4 17. Bd5+ Kh8 18. e4 g6 19. fxg6 hxg6 20. Qd2 Kg7 21. Rae1
a6 22. a5 Nb3 23. Qg2 Rh8 24. Re3 Nxa5 25. Rg3 Rh6 26. Ne5 fxe5 27. Bf7 g5 28.
Nd5 g4 29. Rxg4+ Bxg4 30. Qxg4+ Kh8 31. Rf5 Nc6 32. h4 Qf8 33. h5 Qg7 34. Bg6
Rf8 35. Rxf8+ Bxf8 36. Qc8 Rxh5 0-1

[Event "I Miedzynarodowy Memorial Ireny Warakomskiej - Open A"]
[Site "Suwalki"]
[Date "2017-08-13"]
[Round "3.41"]
[White "Suliborski, Jakub"]
[Black "Dmochowska, Agnieszka"]
[Result "1/2-1/2"]
[WhiteTitle ""]
[BlackTitle ""]
[WhiteElo "2122"]
[BlackElo "2234"]

1. d4 Nf6 2. Nc3 d5 3. Bg5 Nbd7 4. Nf3 e6 5. e4 dxe4 6. Nxe4 Be7 7. Bxf6 Nxf6 8.
Bd3 O-O 9. O-O c6 10. c3 b6 11. Qe2 Bb7 12. Rad1 Qc7 13. Bc2 a5 14. Rfe1 Rad8
15. Rd2 c5 16. Red1 cxd4 17. Rxd4 Nd5 18. Nfg5 Nf4 19. Qe3 Rxd4 20. Rxd4 h6 21.
Nf3 e5 22. Rd1 f5 23. Ng3 Bxf3 24. Qxf3 e4 25. Qe3 Bc5 26. Qd2 Qe5 27. Nf1 Kh7
28. Ne3 Rf6 29. g3 Nh3+ 30. Kg2 Rd6 31. Qe1 Rxd1 32. Qxd1 Nxf2 33. Kxf2 f4 34.
Qf3 fxe3+ 35. Ke2 Kh8 1/2-1/2

[Event "I Miedzynarodowy Memorial Ireny Warakomskiej - Open A"]
[Site "Suwalki"]
[Date "2017-08-13"]
[Round "3.42"]
[White "Dzhuguryan, Tygran "]
[Black "Khamidov, Komil"]
[Result "1-0"]
[WhiteTitle ""]
[BlackTitle ""]
[WhiteElo "2230"]
[BlackElo "2110"]

1. c4 e5 2. Nc3 Nf6 3. Nf3 Nc6 4. g3 d6 5. Bg2 Be6 6. d3 h6 7. e4 Qd7 8. O-O Be7
9. Nd5 Nh7 10. d4 Ng5 11. Nxe7 Nxf3+ 12. Bxf3 Nxe7 13. d5 Bh3 14. Bg2 g5 15. Be3
Ng6 16. f3 Ke7 17. c5 f6 18. Rc1 Bxg2 19. Kxg2 h5 20. c6 bxc6 21. Rxc6 Rab8 22.
Qc2 Rb7 23. Rc1 Kd8 24. b3 h4 25. g4 Kc8 26. Ra6 Kb8 27. Qc6 Rd8 28. Rc4 Nf4+
29. Kf1 Nd3 30. Rca4 Nc5 31. Bxc5 dxc5 32. Qxc5 Qb5+ 33. Qxb5 Rxb5 34. Rxa7 Rd6
35. R7a5 Rxa5 36. Rxa5 Kb7 37. Rb5+ Ka6 38. Rc5 Kb6 39. b4 1-0

[Event "I Miedzynarodowy Memorial Ireny Warakomskiej - Open A"]
[Site "Suwalki"]
[Date "2017-08-13"]
[Round "3.43"]
[White "Chojnowski, Marcin "]
[Black "Kyrychenko, Maryan "]
[Result "0-1"]
[WhiteTitle ""]
[BlackTitle ""]
[WhiteElo "2070"]
[BlackElo "2219"]

1. e4 c5 2. Nf3 d6 3. d4 cxd4 4. Nxd4 Nf6 5. Nc3 a6 6. h3 b5 7. g4 Bb7 8. Bg2 e6
9. g5 Nfd7 10. Be3 Nc6 11. Qd2 Be7 12. O-O-O O-O 13. Kb1 Rc8 14. f4 Nxd4 15. Bxd4
e5 16. Bxe5 Nxe5 17. fxe5 dxe5 18. Qf2 Qa5 19. Rd7 Bc5 20. Qf5 Rc7 21. Rxc7 Qxc7
22. Nd5 Bxd5 23. exd5 Bd6 24. h4 Qc8 25. Qd3 Qc4 26. Qxc4 bxc4 27. c3 f5 28. gxf6
gxf6 29. Bf1 Rc8 30. Rg1+ Kf7 31. Rg4 Rc5 32. Kc2 a5 33. Rxc4 Rxd5 34. Rc6 Ke7
35. Ra6 Bc7 36. Bc4 Rc5 37. b3 Bd6 38. Ra7+ Bc7 39. Ra8 Bd8 40. Ra6 Kd7 41. Kd3
h5 42. a4 Kc8 43. Ke4 Kb7 44. Re6 f5+ 45. Kxf5 Bxh4 46. Ke4 Be1 47. Bd5+ Kc8 48.
c4 Bg3 49. Rh6 h4 50. Kf5 Kb8 51. Rh7 Rc7 52. Rh8+ Rc8 53. Rh6 Ka7 54. Ke6 Rc7
55. Rh8 Kb6 56. Rb8+ Kc5 57. Rb5+ Kd4 58. Rxa5 e4 59. Kf5 e3 60. Ra8 0-1

[Event "I Miedzynarodowy Memorial Ireny Warakomskiej - Open A"]
[Site "Suwalki"]
[Date "2017-08-13"]
[Round "4.1"]
[White "Kaczmarek, Aleksander"]
[Black "Bartel, Mateusz"]
[Result "0-1"]
[WhiteTitle ""]
[BlackTitle ""]
[WhiteElo "2368"]
[BlackElo "2608"]

1. e4 c6 2. d4 d5 3. e5 Bf5 4. Ne2 e6 5. Ng3 Bg6 6. h4 h5 7. Ne2 c5 8. Nf4 Bf5
9. Nxh5 Nc6 10. Ng3 Rxh4 11. Rxh4 Qxh4 12. Bb5 cxd4 13. Nd2 Bg4 14. Nf3 Bxf3 15.
Qxf3 Nge7 16. Bd2 a6 17. Be2 Ng6 18. Qb3 O-O-O 19. Qa4 Ngxe5 20. b3 Kb8 21. Rb1
Bd6 22. Nf1 Qe4 23. b4 d3 24. Ng3 dxc2 25. Rc1 Nd3+ 26. Kf1 Bxg3 0-1

[Event "I Miedzynarodowy Memorial Ireny Warakomskiej - Open A"]
[Site "Suwalki"]
[Date "2017-08-13"]
[Round "4.2"]
[White "Tomczak, Jacek "]
[Black "Vetoshko, Volodymyr"]
[Result "1/2-1/2"]
[WhiteTitle ""]
[BlackTitle ""]
[WhiteElo "2598"]
[BlackElo "2517"]

1. e4 e5 2. Nf3 Nc6 3. Bb5 a6 4. Ba4 Nf6 5. Bxc6 dxc6 6. d3 Bd6 7. Nbd2 Be6 8.
b3 c5 9. Bb2 Nd7 10. Nc4 f6 11. Nh4 g6 12. g3 Qe7 13. Qd2 O-O-O 14. O-O-O Nb8
15. f4 Bxc4 16. bxc4 Nc6 17. Ng2 Nd4 18. Rhf1 Rhf8 19. Ne3 Qg7 20. Rf2 f5 21.
fxe5 Qxe5 22. exf5 gxf5 23. Rdf1 Qe6 24. c3 f4 25. gxf4 Nf5 26. Nc2 Be7 27. Re2
Qd7 28. Ne3 Nxe3 29. Qxe3 Bd6 30. Qe6 Qxe6 31. Rxe6 Bxf4+ 32. Kc2 Bd6 33. Rxf8
Rxf8 34. h4 Rf2+ 35. Kb3 h5 36. Rh6 Rf5 37. Bc1 Be7 38. Bg5 Bxg5 39. Rxh5 Rf3
40. Rxg5 b6 41. Kc2 1/2-1/2

[Event "I Miedzynarodowy Memorial Ireny Warakomskiej - Open A"]
[Site "Suwalki"]
[Date "2017-08-13"]
[Round "4.3"]
[White "Kanarek, Marcel"]
[Black "Mastrovasilis, Dimitrios "]
[Result "1/2-1/2"]
[WhiteTitle ""]
[BlackTitle ""]
[WhiteElo "2530"]
[BlackElo "2596"]

1. e4 e5 2. Nf3 Nc6 3. Bb5 Nf6 4. d3 Bc5 5. Bxc6 dxc6 6. Nbd2 Bg4 7. h3 Bxf3 8.
Qxf3 Nd7 9. O-O Qe7 10. Nc4 f6 11. Bd2 O-O 12. a3 Rfd8 13. b4 Bd4 14. Rab1 Nf8
15. a4 a6 16. Na5 Rab8 17. Qg4 Qf7 18. b5 cxb5 19. axb5 axb5 20. Rxb5 Bb6 21.
Nc4 Bd4 22. Na5 Bb6 23. Nc4 Bd4 1/2-1/2

[Event "I Miedzynarodowy Memorial Ireny Warakomskiej - Open A"]
[Site "Suwalki"]
[Date "2017-08-13"]
[Round "4.4"]
[White "Sadzikowski, Daniel"]
[Black "Leniart, Arkadiusz "]
[Result "1/2-1/2"]
[WhiteTitle ""]
[BlackTitle ""]
[WhiteElo "2594"]
[BlackElo "2480"]

1. e4 e5 2. Nf3 Nc6 3. Bc4 Nf6 4. d3 Bc5 5. O-O d6 6. c3 Bb6 7. Bb3 h6 8. Nbd2
a6 9. Re1 O-O 10. Nf1 Nh5 11. Ne3 Nf4 12. Nc4 Ba7 13. Bxf4 exf4 14. d4 Ne7 15.
a4 b5 16. axb5 axb5 17. Na3 Bd7 18. Qd2 g5 19. e5 b4 20. Nc2 bxc3 21. bxc3 d5
22. Nb4 Bg4 23. Qd3 Bf5 24. Qe2 c5 25. dxc5 Bxc5 26. Rad1 Qb6 27. Bxd5 Rad8 28.
e6 fxe6 29. Bxe6+ Bxe6 30. Rxd8 Rxd8 31. Qxe6+ Qxe6 32. Rxe6 g4 33. Ne1 g3 34.
hxg3 fxg3 35. Kf1 1/2-1/2

[Event "I Miedzynarodowy Memorial Ireny Warakomskiej - Open A"]
[Site "Suwalki"]
[Date "2017-08-13"]
[Round "4.5"]
[White "Czarnota, Pawel"]
[Black "Walter, Szymon "]
[Result "1-0"]
[WhiteTitle ""]
[BlackTitle ""]
[WhiteElo "2577"]
[BlackElo "2194"]

1. e4 c5 2. Nf3 e6 3. d4 cxd4 4. Nxd4 Nf6 5. Nc3 Nc6 6. Nxc6 bxc6 7. Bd3 d5 8.
O-O Be7 9. Re1 O-O 10. Qf3 Re8 11. Bf4 Bb7 12. Qh3 g6 13. Rad1 Qb6 14. e5 Nd7
15. b3 Rad8 16. Na4 Qc7 17. Qg3 c5 18. c4 dxc4 19. Bxc4 Nb6 20. Nxb6 axb6 21.
Rd6 Bc6 22. a4 Qb7 23. Bf1 Bxd6 24. exd6 f6 25. Rd1 Bd5 26. Bh6 Kf7 27. Qh4 g5
28. Qh5+ Kg8 29. Bb5 Qf7 30. Bxe8 Rxe8 31. Qh3 Qg6 32. f4 g4 33. Qe3 Qf5 34. Qe2
Rd8 35. Rxd5 exd5 36. Qe7 Qd7 37. Qxf6 Re8 38. Qg5+ Kh8 39. Qf6+ Kg8 40. f5 d4
41. Kf2 d3 42. Bf4 Qf7 43. Qg5+ Kf8 44. Qh6+ Kg8 45. Qg5+ Kf8 46. Kg3 Re2 47.
Qd8+ Re8 48. Qxb6 Qxf5 49. Qc7 1-0

[Event "I Miedzynarodowy Memorial Ireny Warakomskiej - Open A"]
[Site "Suwalki"]
[Date "2017-08-13"]
[Round "4.6"]
[White "Sandipan, Chanda "]
[Black "Grib, Roman"]
[Result "1/2-1/2"]
[WhiteTitle ""]
[BlackTitle ""]
[WhiteElo "2568"]
[BlackElo "2427"]

1. g3 Nf6 2. Bg2 d5 3. d3 g6 4. f4 c5 5. Nf3 Nc6 6. O-O Bg7 7. c3 O-O 8. Na3 Rb8
9. Ne5 Bd7 10. Nxd7 Qxd7 11. e4 d4 12. c4 Ng4 13. e5 Ne3 14. Bxe3 dxe3 15. Qe2
f6 16. e6 Nd4 17. Qxe3 Qd6 18. Kh1 f5 19. Rac1 Kh8 20. Nc2 b5 21. b3 a5 22. Nxd4
Bxd4 23. Qe2 a4 24. Rb1 axb3 25. axb3 Rb6 26. Bd5 Ra6 27. g4 fxg4 28. Qxg4 Ra2
29. Rf3 Rf5 30. Rbf1 bxc4 31. dxc4 Qa6 32. h3 Re2 33. Rg3 Qa2 34. Rg2 1/2-1/2

[Event "I Miedzynarodowy Memorial Ireny Warakomskiej - Open A"]
[Site "Suwalki"]
[Date "2017-08-13"]
[Round "4.7"]
[White "Zylka, Stanislaw "]
[Black "Markowski, Tomasz"]
[Result "0-1"]
[WhiteTitle ""]
[BlackTitle ""]
[WhiteElo "2368"]
[BlackElo "2552"]

1. c4 c5 2. Nf3 g6 3. d4 Bg7 4. e4 d6 5. Be2 Nc6 6. d5 Na5 7. Nbd2 Nf6 8. Rb1 O-O
9. a3 b6 10. O-O e5 11. b4 Nb7 12. Ne1 Bh6 13. Bf3 Ne8 14. Nd3 f6 15. g3 Qe7 16.
Bg2 Bd7 17. f4 Rc8 18. Bb2 Ng7 19. Bc3 cxb4 20. axb4 exf4 21. gxf4 Bb5 22. Qb3
Qc7 23. Nb2 Nh5 24. Rbc1 Bd7 25. Nd3 a5 26. e5 Bf5 27. exd6 Nxd6 28. Bd4 axb4
29. c5 bxc5 30. Rxc5 Qb8 31. Nc4 Bxd3 32. Qxd3 Nxf4 33. Rxf4 Bxf4 34. Na5 Rxc5
35. Bxc5 Re8 36. Nc6 Qb5 37. Qxb5 Nxb5 38. Bxb4 Bd6 39. Ba5 Re2 40. Bf1 Rb2 41.
h3 Bc5+ 42. Kh1 Nd6 43. Bc3 Rb1 44. Kg2 Ne4 45. Bd3 Nxc3 46. Bxb1 Nxb1 0-1

[Event "I Miedzynarodowy Memorial Ireny Warakomskiej - Open A"]
[Site "Suwalki"]
[Date "2017-08-13"]
[Round "4.8"]
[White "Kveinys, Aloyzas "]
[Black "Krzyzanowski, Marcin "]
[Result "1/2-1/2"]
[WhiteTitle ""]
[BlackTitle ""]
[WhiteElo "2548"]
[BlackElo "2464"]

1. d4 Nf6 2. c4 e6 3. Nc3 Bb4 4. Qc2 O-O 5. a3 Bxc3+ 6. Qxc3 d5 7. cxd5 Ne4 8.
Qc2 exd5 9. e3 c5 10. f3 Qh4+ 11. g3 Nxg3 12. Qf2 Nf5 13. Qxh4 Nxh4 14. dxc5 a5
15. Bd2 Nd7 16. Rc1 Ne5 17. Kf2 Bf5 18. Be2 Rfc8 19. h3 Rc6 20. Rh2 Bd3 21. Bc3
Rxc5 22. Re1 Bxe2 23. Bxe5 Bd3 24. Bc3 Nf5 25. Rd1 Bc4 26. Rg2 g6 27. e4 Ng7 28.
h4 Ne6 29. Nh3 Rd8 30. Bf6 Re8 31. Kg3 Bb3 32. Rd3 a4 33. Nf4 Nxf4 34. Kxf4 dxe4
35. fxe4 Bc2 36. Rd8 Rxd8 37. Bxd8 Rc4 38. Bf6 Bxe4 39. Rd2 Bb1+ 40. Kg5 Rc5+
41. Kg4 Rc8 42. Kg5 Rc5+ 43. Kg4 h5+ 44. Kg3 Rc8 45. Kf4 Ba2 46. Rd8+ Rxd8 47.
Bxd8 Kf8 48. Ke5 Ke8 49. Bg5 Kd7 50. Bd2 Kc6 51. Bb4 Kb5 52. Kd4 g5 53. hxg5 h4
54. Ke3 Be6 55. Kf2 Kc4 56. Kg1 b5 57. Bc3 Kd3 1/2-1/2

[Event "I Miedzynarodowy Memorial Ireny Warakomskiej - Open A"]
[Site "Suwalki"]
[Date "2017-08-13"]
[Round "4.9"]
[White "Jarmula, Lukasz"]
[Black "Warakomski, Tomasz "]
[Result "1/2-1/2"]
[WhiteTitle ""]
[BlackTitle ""]
[WhiteElo "2457"]
[BlackElo "2536"]

1. e4 c6 2. d4 d5 3. e5 Bf5 4. Nc3 a6 5. Be3 e6 6. g4 Bg6 7. Nge2 c5 8. dxc5 h5
9. Nf4 Ne7 10. gxh5 Bf5 11. Qe2 Nbc6 12. O-O-O Qa5 13. Bh3 Bxh3 14. Nxh3 Nf5 15.
Bd2 d4 16. Nb1 Qxc5 17. Rhe1 Rc8 18. Na3 b5 19. Nf4 Be7 20. Nd3 Qd5 21. Kb1 Qd7
22. Rg1 Bxa3 23. bxa3 Nce7 24. Nf4 Qc7 25. Bb4 Nc6 26. Nd3 Nxb4 27. axb4 a5 28.
Nf4 Qb6 29. Rg5 Rc4 30. Rxf5 exf5 31. e6 Qd6 32. exf7+ Kxf7 33. Nd3 Rxb4+ 34.
Nxb4 Qxb4+ 35. Kc1 Qa3+ 36. Kb1 Qb4+ 37. Kc1 Qa3+ 38. Kb1 Qb4+ 1/2-1/2

[Event "I Miedzynarodowy Memorial Ireny Warakomskiej - Open A"]
[Site "Suwalki"]
[Date "2017-08-13"]
[Round "4.10"]
[White "Mihok, Oliver"]
[Black "Stoma, Pawel "]
[Result "1-0"]
[WhiteTitle ""]
[BlackTitle ""]
[WhiteElo "2534"]
[BlackElo "2348"]

1. e4 c6 2. Nc3 d5 3. Nf3 Bg4 4. h3 Bxf3 5. Qxf3 e6 6. d3 Nf6 7. Bd2 Nbd7 8. g4
h6 9. O-O-O Bb4 10. a3 Ba5 11. h4 d4 12. Nb1 Bxd2+ 13. Nxd2 Qc7 14. Be2 Nf8 15.
g5 N6d7 16. gxh6 Rxh6 17. h5 Rh7 18. Rdg1 b5 19. Rh3 Qd6 20. Qg2 O-O-O 21. f4
e5 22. Bg4 Ne6 23. fxe5 Qxe5 24. Nf3 Qd6 25. e5 Nxe5 26. Nxe5 Qxe5 27. Qxc6+ Kb8
28. Bf3 Qe3+ 29. Kb1 Qxg1+ 30. Ka2 Rd5 31. Bxd5 Nd8 32. Qa8+ Kc7 33. Qxa7+ Kd6
34. Be4 1-0

[Event "I Miedzynarodowy Memorial Ireny Warakomskiej - Open A"]
[Site "Suwalki"]
[Date "2017-08-13"]
[Round "4.11"]
[White "Gleizerov, Evgeny"]
[Black "Plichta, Kamil "]
[Result "1/2-1/2"]
[WhiteTitle ""]
[BlackTitle ""]
[WhiteElo "2519"]
[BlackElo "2341"]

1. d4 Nf6 2. c4 g6 3. Nc3 Bg7 4. e4 d6 5. Nf3 O-O 6. Be2 e5 7. O-O Nc6 8. d5 Ne7
9. Nd2 a5 10. a3 Bd7 11. Rb1 a4 12. b4 axb3 13. Nxb3 b6 14. Ra1 Ba4 15. Nxa4 Rxa4
16. Bd3 Qe8 17. g3 Nd7 18. Bb2 f5 19. exf5 Nxf5 20. Qc2 Ra8 21. Rae1 Qf7 22. Re4
Bh6 23. Re2 Rae8 24. a4 Ra8 25. Ra1 Bg5 26. Bc3 h5 27. a5 bxa5 28. Rxa5 h4 29.
Rxa8 Rxa8 30. Nd2 hxg3 31. hxg3 Bxd2 32. Qxd2 Nc5 33. Bc2 Qf6 34. Bd1 1/2-1/2

[Event "I Miedzynarodowy Memorial Ireny Warakomskiej - Open A"]
[Site "Suwalki"]
[Date "2017-08-13"]
[Round "4.12"]
[White "Bartel, Marta"]
[Black "Ulybin, Mikhail"]
[Result "1/2-1/2"]
[WhiteTitle ""]
[BlackTitle ""]
[WhiteElo "2313"]
[BlackElo "2518"]

1. d4 e6 2. Bf4 c5 3. e3 Qb6 4. Nc3 Nf6 5. Nf3 Be7 6. dxc5 Bxc5 7. Qd2 Bb4 8. Bd3
Nd5 9. e4 Nxf4 10. Qxf4 d6 11. e5 Nd7 12. O-O dxe5 13. Nxe5 O-O 14. Nc4 Qc6 15.
Ne4 Be7 16. Ng5 h6 17. Nf3 Bf6 18. Rad1 Nc5 19. Be2 Qe4 20. Qxe4 Nxe4 21. Nce5
b6 22. c3 Nc5 23. Ng4 Be7 24. Nge5 a5 25. Bb5 Bf6 26. Ng4 Bd8 27. Nge5 Bc7 28.
Nc6 Kh7 29. Rfe1 f6 30. Ne7 Bb7 31. b4 axb4 32. cxb4 Rf7 33. bxc5 Rxe7 34. c6
Bc8 35. a4 e5 36. Nd4 g6 37. Nc2 Be6 38. Nb4 Kg7 39. Nd5 Bxd5 40. Rxd5 Rd8 41.
Rxd8 Bxd8 42. Rd1 Bc7 43. g3 f5 44. Rd7 Kf6 45. Kf1 Rxd7 46. cxd7 Ke7 47. Ke2
e4 48. f3 exf3+ 49. Kxf3 g5 50. h3 h5 51. g4 fxg4+ 52. hxg4 h4 53. Ke4 1/2-1/2

[Event "I Miedzynarodowy Memorial Ireny Warakomskiej - Open A"]
[Site "Suwalki"]
[Date "2017-08-13"]
[Round "4.13"]
[White "Koziol, Kamil"]
[Black "Jakubowski, Krzysztof"]
[Result "1/2-1/2"]
[WhiteTitle ""]
[BlackTitle ""]
[WhiteElo "2321"]
[BlackElo "2515"]

1. e4 c5 2. Nf3 d6 3. d4 cxd4 4. Nxd4 Nf6 5. Nc3 a6 6. Bg5 Nbd7 7. f4 Qc7 8. Qf3
b5 9. O-O-O Bb7 10. g4 Rc8 11. Bxf6 Nxf6 12. g5 b4 13. Ncb5 axb5 14. gxf6 Ba6
15. fxe7 Bxe7 16. Bh3 Ra8 17. Nf5 Bb7 18. Nxg7+ Kf8 19. Ne6+ fxe6 20. Bxe6 Bf6
21. Rhe1 Rg8 22. Bxg8 Kxg8 23. Qg4+ Kh8 24. e5 b3 25. axb3 dxe5 26. Rd7 Ra1+ 27.
Kd2 Qa5+ 28. c3 Qa2 29. Rxb7 Qxb2+ 30. Kd3 e4+ 31. Kxe4 Rxe1+ 32. Kf5 Qc2+ 33.
Kxf6 Qxc3+ 34. Kg5 Qc5+ 35. Kh4 Qf8 36. Qg5 1/2-1/2

[Event "I Miedzynarodowy Memorial Ireny Warakomskiej - Open A"]
[Site "Suwalki"]
[Date "2017-08-13"]
[Round "4.14"]
[White "Barski, Radoslaw "]
[Black "Zielinski, Wojciech"]
[Result "1/2-1/2"]
[WhiteTitle ""]
[BlackTitle ""]
[WhiteElo "2444"]
[BlackElo "2105"]

1. e4 e6 2. d4 d5 3. Nd2 dxe4 4. Nxe4 Nd7 5. Nf3 Ngf6 6. Nxf6+ Nxf6 7. Be3 Nd5
8. Bd2 Be7 9. Bd3 Bf6 10. c3 Qd6 11. Qe2 Nf4 12. Bxf4 Qxf4 13. g3 Qd6 14. O-O-O
Bd7 15. Be4 O-O-O 16. Ne5 Bxe5 17. dxe5 Qc5 18. Qf3 Qxe5 19. Bxb7+ Kb8 20. Rd4
c5 21. Ba6 Qc7 22. Rd6 Bc8 23. Rxd8 Rxd8 24. Bxc8 Kxc8 25. Qa8+ Qb8 26. Qc6+ Qc7
27. Qa8+ Qb8 28. Qxb8+ Kxb8 29. Rd1 Rd5 30. Kc2 Kc7 31. Re1 Kd6 32. Re4 Re5 33.
Rxe5 Kxe5 34. Kd3 Kd5 35. b4 a6 36. a4 cxb4 37. cxb4 e5 38. g4 e4+ 39. Kc3 f6
40. h4 g6 41. b5 axb5 42. axb5 Kc5 43. b6 Kxb6 44. Kd4 Kc6 45. Kxe4 Kd6 46. f3
Ke6 47. Kd4 Kd6 1/2-1/2